00582nam a2200193Ia 4500003000900000008004100009040001600050080001200066100003300078245005300111250001200164260003300176300001000209650001800219650004100237942000700278999001500285952008800300IN-BaIIA211028s9999 xx 000 0 eng d cIIA Library a52bWOO aWooley, R Van Der Riet93411 2aA key to the starscRichard van der Riet Woolley a3rd ed. aLondonbBlackie & Sonsc1957 a144p. aAstronomy980 aAstronomy and astrophysics thesaurus cBK c1745d1745 00104070aBANbBANcGENd0000-00-00l0o52/ WOOp1911r2021-11-05w0000-00-00yBK